000 00901nmm a2200265 a 4500
001 ocm000702886
003 TR-IsHL
005 20201028133640.0
008 131121s1982 tu tur
007 cr cn
035 _a702886
_b(N$T)
050 0 4 _aTK147
_b.F58 1982
090 0 4 _aTK147
_b.F58 1982
100 1 _aFitzgerald, A. E.
245 1 0 _aTemel elektrik mühendisliği
_h[electronic resource] /
_cA. E. Fitzgerald ; ed. Kerim Kıymaç
260 _aAnkara :
_bAnkara Üniversitesi Fen Fakültesi,
_c1982
300 _a806 p.
650 4 _aMühendislik ve Teknoloji
650 4 _aEngineering and Technology
650 0 _aElektrik mühendisliği
650 0 _aElectrical engineering
650 7 _aTECHNOLOGY & ENGINEERING / Electrical
_2bisacsh
700 1 _aKıymaç, Kerim
856 4 0 _uhttp://search.ebscohost.com/login.aspx?direct=true&scope=site&db=e011xww&AN=702886
999 _c5758
_d5758